000 01452 a2200157 4500
003 OSt
005 20251211152310.0
008 251211b |||||||| |||| 00| 0 eng d
020 _a9781804093696
100 _aHousel M.
_9215545
245 _aArt of Spending Money
_bSimple Choices for Richer Life
260 _bHarriman House
_c2025
_aMACMILLAN
300 _a246pp
520 _aMost of us don’t know how to spend money. We chase things that impress others but leave us cold. Or we save endlessly, afraid to spend on what would actually make life better. We confuse admiration with envy, comfort with excess, and status with utility. The Art of Spending Money is about finding balance. It isn’t about budgets, hacks, or one-size-fits-all solutions. It’s about understanding how your relationship with money shapes your decisions—and how to reshape it so money works for you. Morgan Housel’s work has helped millions rethink how they earn, save, and invest. Now he turns his attention to the other side of the equation: how to spend. With insight and warmth, he shows why the most valuable return on investment is peace of mind, why expectations matter more than income, and why doing well with money has less to do with spreadsheets and more to do with self-awareness. This book isn’t about getting rich. It’s about getting the most out of what you already have—and learning to want what’s worth wanting.
942 _cBK
_2ddc
999 _c369176
_d369176